[Event "7th HD Bank Cup 2017"]
[Site "Ho Chi Minh City VIE"]
[Date "2017.03.13"]
[Round "3.39"]
[White "Tong, Thai Hung"]
[Black "Muminova, Nafisa"]
[Result "1-0"]
[BlackTitle "WGM"]
[WhiteElo "2182"]
[BlackElo "2348"]
[WhiteFideId "12403555"]
[BlackFideId "14201526"]
[EventDate "2017.03.12"]

1. d4 d5 2. c4 c6 3. Nf3 Nf6 4. e3 g6 5. Nc3 Bg7 6. Be2 O-O 7. O-O Nbd7 8. cxd5
Nxd5 9. Nxd5 cxd5 10. Qb3 Nb6 11. Bd2 Be6 12. Ba5 Qd6 13. Bb4 Qd8 14. Rfc1 Nc4
15. Ng5 a5 16. Nxe6 fxe6 17. Be1 Nd6 18. Rc5 Kh8 19. Rac1 a4 20. Qb4 Qe8 21. Ra5
Rxa5 22. Qxa5 b5 23. Rc7 Qf7 24. Qa7 Bf6 25. Bd3 Bg5 26. Qc5 Nc4 27. Rc8 Rxc8
28. Qxc8+ Kg7 29. Qb8 Nxb2 30. Bxb5 Qf5 31. Qe5+ Bf6 32. Qxf5 exf5 33. Bc3 Nc4
34. Bb4 Nb2 35. Kf1 f4 36. Ke2 fxe3 37. fxe3 e5 38. Bc3 exd4 39. Bxd4 Bxd4 40.
exd4 Kf6 41. Kd2 Kf5 42. Kc3 a3 43. Kb4 Ke4 44. Kxa3 Nd1 45. Kb4 Kxd4 46. a4 Nc3
47. a5 Na2+ 48. Kb3 Nc3 49. Bf1 Ne4 50. a6 Nc5+ 51. Kb4 Nxa6+ 52. Bxa6 Ke3 53.
Bb7 d4 54. Bf3 h6 55. Kc4 d3 56. Kc3 d2 57. Kc2 Kf2 58. Kxd2 h5 59. Bd5 1-0

[Event "7th HD Bank Cup 2017"]
[Site "Ho Chi Minh City VIE"]
[Date "2017.03.13"]
[Round "3.40"]
[White "Nguyen, Thi Mai Hung"]
[Black "Nishant, Malhotra"]
[Result "1/2-1/2"]
[WhiteTitle "WGM"]
[WhiteElo "2347"]
[BlackElo "2198"]
[WhiteFideId "12401676"]
[BlackFideId "5099129"]
[EventDate "2017.03.12"]

1. d4 Nf6 2. Nf3 e6 3. e3 c5 4. Bd3 Be7 5. O-O O-O 6. b3 d5 7. Nbd2 b6 8. Bb2
Bb7 9. Qe2 Nc6 10. a3 Rc8 11. Ne5 Nxe5 12. dxe5 Ne4 13. Nb1 f5 14. exf6 Bxf6 15.
c4 Bxb2 16. Qxb2 Qh4 17. f3 Qh6 18. Re1 Ng5 19. Nd2 Rf6 20. b4 cxb4 21. cxd5 Rc3
22. Bc2 Bxd5 23. axb4 Rxe3 24. Qd4 Rxe1+ 25. Rxe1 Rf4 26. Qc3 Qf6 27. Qxf6 Rxf6
28. h4 Nf7 29. Ra1 Rf4 30. Ne4 a5 31. bxa5 bxa5 32. Rxa5 Rxh4 33. Rc5 Kf8 1/2-1/2

[Event "7th HD Bank Cup 2017"]
[Site "Ho Chi Minh City VIE"]
[Date "2017.03.13"]
[Round "3.41"]
[White "Hoang, Thi Bao Tram"]
[Black "Li, Xueyi"]
[Result "1-0"]
[WhiteTitle "WGM"]
[WhiteElo "2340"]
[BlackElo "2170"]
[WhiteFideId "12401102"]
[BlackFideId "8605912"]
[EventDate "2017.03.12"]

1. d4 d5 2. c4 e6 3. e3 c6 4. Bd3 Nf6 5. Nd2 Nbd7 6. b3 Bd6 7. Bb2 O-O 8. Ngf3
b6 9. O-O Bb7 10. Qe2 Re8 11. Ne5 h6 12. f4 c5 13. Rac1 a5 14. a4 Qe7 15. Rc2
Nb8 16. f5 exf5 17. cxd5 cxd4 18. exd4 Na6 19. Bb5 Nxd5 20. Bxe8 Rxe8 21. Ndc4
Bb8 22. Qh5 f4 23. Re1 Nf6 24. Qh3 Nb4 25. Rce2 Qd8 26. Qf5 Bc8 27. Qb1 Bb7 28.
Qc1 Re6 29. Qd2 Nbd5 30. Nxf7 Rxe2 31. Nxd8 Rxd2 32. Nxd2 Bc8 33. Nc4 Ne3 34.
Nc6 Bc7 35. Ne7+ 1-0

[Event "7th HD Bank Cup 2017"]
[Site "Ho Chi Minh City VIE"]
[Date "2017.03.13"]
[Round "3.43"]
[White "Hesham, Abdelrahman"]
[Black "Ivana Maria, Furtado"]
[Result "1-0"]
[WhiteTitle "GM"]
[BlackTitle "WIM"]
[WhiteElo "2336"]
[BlackElo "2150"]
[WhiteFideId "10600183"]
[BlackFideId "5048400"]
[EventDate "2017.03.12"]

1. d4 Nf6 2. c4 e6 3. Nf3 d5 4. Nc3 Bb4 5. Bg5 Nbd7 6. e3 c5 7. cxd5 exd5 8.
dxc5 Qa5 9. Rc1 O-O 10. a3 Bxc3+ 11. Rxc3 Ne4 12. b4 Nxc3 13. Qa1 Qa4 14. Qxc3
a5 15. b5 Nxc5 16. Qxc5 Bf5 17. Qc3 Rac8 18. Qa1 Bg4 19. Be2 Bxf3 20. Bxf3 Qxb5
21. Be2 Qc5 22. O-O b5 23. Bf4 b4 24. axb4 axb4 25. Rb1 Qc2 26. Bd1 Qc3 27. Qxc3
bxc3 28. Bc2 Ra8 29. Kf1 Ra2 30. Rc1 Rfa8 31. Ke2 Ra1 32. Rxa1 Rxa1 33. g4 f6
34. Kd3 Kf7 35. Kxc3 g5 36. Bg3 h5 37. gxh5 Kg7 38. Kd4 Ra5 39. h4 Rb5 40. hxg5
fxg5 41. Bg6 Kf6 42. Be5+ Ke6 43. Bg7 Rb2 44. h6 Rxf2 45. h7 1-0

[Event "7th HD Bank Cup 2017"]
[Site "Ho Chi Minh City VIE"]
[Date "2017.03.13"]
[Round "3.44"]
[White "Duong, The Anh"]
[Black "Phan, Nguyen Mai Chi"]
[Result "1-0"]
[WhiteTitle "IM"]
[BlackTitle "WCM"]
[WhiteElo "2334"]
[BlackElo "2115"]
[WhiteFideId "12401277"]
[BlackFideId "12401684"]
[EventDate "2017.03.12"]

1. d4 d5 2. c4 c6 3. Nc3 Nf6 4. cxd5 cxd5 5. Bf4 Nc6 6. e3 a6 7. Bd3 Bg4 8. f3
Bd7 9. Nge2 e6 10. g4 b5 11. Rc1 Rc8 12. Ng3 h6 13. Nge2 Na5 14. b3 Nc6 15. a4
Nb4 16. Bb1 bxa4 17. Nxa4 Bxa4 18. Rxc8 Qxc8 19. bxa4 Qc4 20. Kf2 Be7 21. Qd2
Qb3 22. a5 Qa3 23. Rc1 O-O 24. h4 Re8 25. Kg2 Qxa5 26. g5 Nh5 27. gxh6 g6 28.
Bc7 Qb5 29. Ng3 Nxg3 30. Bxg3 Bf8 31. h5 Bxh6 32. hxg6 f5 33. Rc7 Nc6 34. Bd3
Qb6 35. Qc1 Ne7 36. Qh1 Kg7 37. Qh5 Qxc7 38. Bxc7 Nxg6 39. e4 e5 40. Kf1 fxe4
41. Bxe5+ Kh7 42. Qf5 Rf8 43. Qd7+ Kg8 44. Qxd5+ 1-0

[Event "7th HD Bank Cup 2017"]
[Site "Ho Chi Minh City VIE"]
[Date "2017.03.13"]
[Round "3.45"]
[White "Godbole, Atharva"]
[Black "Chu, Wei Chao"]
[Result "1/2-1/2"]
[BlackTitle "IM"]
[WhiteElo "2100"]
[BlackElo "2328"]
[WhiteFideId "5059550"]
[BlackFideId "8605661"]
[EventDate "2017.03.12"]

1. e4 c5 2. Nf3 d6 3. d4 cxd4 4. Nxd4 Nf6 5. Nc3 a6 6. f3 e5 7. Nb3 Be6 8. Be3
Be7 9. Qd2 O-O 10. O-O-O Nbd7 11. g4 b5 12. g5 b4 13. gxf6 bxc3 14. Qxc3 Nxf6
15. Na5 Rc8 16. Nc6 Qd7 17. Nxe7+ Qxe7 18. Qa5 Rc6 19. Kb1 Qb7 20. b3 Rfc8 21.
Rg1 Ne8 22. Rd2 Bc4 23. Bh3 Be6 24. Bf1 Bc4 1/2-1/2

[Event "7th HD Bank Cup 2017"]
[Site "Ho Chi Minh City VIE"]
[Date "2017.03.13"]
[Round "3.46"]
[White "Luong, Phuong Hanh"]
[Black "Bogdanovich, Stanislav"]
[Result "0-1"]
[BlackTitle "IM"]
[WhiteElo "2148"]
[BlackElo "2602"]
[WhiteFideId "12401013"]
[BlackFideId "14115298"]
[EventDate "2017.03.12"]

1. d4 Nf6 2. Nf3 g6 3. g3 Bg7 4. Bg2 O-O 5. O-O c5 6. c3 d6 7. dxc5 dxc5 8. Qxd8
Rxd8 9. Be3 Na6 10. Na3 Be6 11. Ng5 Bd5 12. Rad1 b6 13. Bf4 h6 14. Nh3 Bxg2 15.
Kxg2 Nd5 16. Nb5 g5 17. Bc1 Nac7 18. Nxc7 Nxc7 19. f4 g4 20. Nf2 f5 21. e4 e6
22. e5 c4 23. Be3 Nd5 24. Bd4 Kf7 25. Rd2 Bf8 26. Nd1 b5 27. Kf2 h5 28. Ne3 h4
29. Nxd5 Rxd5 30. Rfd1 Rad8 31. gxh4 Be7 32. Ke2 a6 33. Bf2 Rxd2+ 34. Rxd2 Rxd2+
35. Kxd2 Kg6 36. b3 Kh5 37. bxc4 bxc4 38. Bg3 Bc5 39. Ke2 Bg1 40. Kf1 Ba7 41.
Kg2 Be3 42. Kf1 Bd2 43. Ke2 Bxc3 44. Kd1 Kg6 45. Bf2 Kf7 46. Kc2 Bb4 47. Bg3 Ke8
48. a3 Bxa3 49. Kc3 Kf7 50. Kxc4 Kg6 51. Kb3 Bc5 52. Ka4 Bb6 53. Kb4 Kh5 54. Kc4
Be3 55. Kd3 Bg1 56. Kc4 a5 57. Kb5 Bxh2 58. Bxh2 Kxh4 59. Bg1 g3 60. Kc6 a4 61.
Kd6 a3 62. Kxe6 a2 63. Bd4 g2 64. Kxf5 a1=Q 65. Bxa1 g1=Q 66. Bc3 Qb1+ 0-1

[Event "7th HD Bank Cup 2017"]
[Site "Ho Chi Minh City VIE"]
[Date "2017.03.13"]
[Round "3.47"]
[White "Lu, Chan Hung"]
[Black "Schebler, Gerhard"]
[Result "0-1"]
[WhiteTitle "IM"]
[BlackTitle "GM"]
[WhiteElo "2243"]
[BlackElo "2402"]
[WhiteFideId "12402508"]
[BlackFideId "4603338"]
[EventDate "2017.03.12"]

1. c4 g6 2. Nf3 Bg7 3. g3 c5 4. Bg2 Nc6 5. Nc3 Nf6 6. d4 cxd4 7. Nxd4 O-O 8. O-O
Qa5 9. a3 Qc5 10. Nxc6 bxc6 11. Qa4 Rb8 12. Be3 Qh5 13. h3 Rxb2 14. Qxa7 Rb7 15.
Qa4 d6 16. Qxc6 Rb3 17. Rac1 Bxh3 18. Qa4 Rxc3 19. Rxc3 Ng4 20. Rfc1 Bxc3 21.
Rxc3 Bxg2 22. Kxg2 Qh2+ 23. Kf3 Qh1+ 0-1

[Event "7th HD Bank Cup 2017"]
[Site "Ho Chi Minh City VIE"]
[Date "2017.03.13"]
[Round "3.48"]
[White "Le, Minh Hoang"]
[Black "To, Nhat Minh"]
[Result "0-1"]
[WhiteTitle "CM"]
[BlackTitle "IM"]
[WhiteElo "2198"]
[BlackElo "2317"]
[WhiteFideId "12404683"]
[BlackFideId "729019"]
[EventDate "2017.03.12"]

1. e4 d5 2. exd5 Qxd5 3. Nc3 Qa5 4. d4 Nf6 5. Bc4 c6 6. Nf3 Bf5 7. O-O e6 8. Bf4
Be7 9. Ne5 Nbd7 10. h3 Nxe5 11. Bxe5 O-O 12. Bd3 Bg6 13. Qf3 Rfd8 14. Rfd1 Nd5
15. Bxg6 hxg6 16. Ne4 Rd7 17. c4 Nb6 18. Qb3 Rad8 19. c5 Nd5 20. Bd6 Bxd6 21.
Nxd6 Qc7 22. Rd3 Ne7 23. Rad1 Nf5 24. Nxf5 gxf5 25. R3d2 Rd5 26. Qe3 f4 27. Qf3
e5 28. b4 g6 29. h4 a5 30. a3 axb4 31. axb4 Qd7 32. h5 g5 33. h6 Qf5 34. g4 Qg6
35. h7+ Kxh7 36. Re2 f6 37. b5 Qe8 38. Qe4+ Kg7 39. Kg2 Qd7 40. f3 Rxd4 41. Rxd4
Qxd4 42. Qf5 Qd1 43. Rb2 Qe1 44. Qe6 Qg3+ 0-1

[Event "7th HD Bank Cup 2017"]
[Site "Ho Chi Minh City VIE"]
[Date "2017.03.13"]
[Round "3.49"]
[White "Chan, Kim Yew"]
[Black "Le, Thanh Tu"]
[Result "1/2-1/2"]
[BlackTitle "WGM"]
[WhiteElo "2176"]
[BlackElo "2271"]
[WhiteFideId "5717981"]
[BlackFideId "12401005"]
[EventDate "2017.03.12"]

1. d4 c5 2. d5 Nf6 3. c4 e6 4. Nc3 exd5 5. cxd5 d6 6. g3 g6 7. Bg2 Bg7 8. Nf3
O-O 9. O-O a6 10. a4 Nbd7 11. Bf4 Qe7 12. Rb1 Nh5 13. Bg5 f6 14. Bd2 f5 15. b4
b6 16. Qc2 Ne5 17. bxc5 bxc5 18. Ng5 Ra7 19. Ne6 Re8 20. Nxg7 Qxg7 21. Nd1 Qe7
22. Re1 Bd7 23. Nb2 Rb7 24. f4 Nf7 25. e4 Qf8 26. Bc3 fxe4 27. Bxe4 Rxe4 28.
Qxe4 Bf5 29. Qe2 Bxb1 30. Rxb1 Rb3 31. Qc2 Qb8 32. Re1 Ng7 33. Re7 Rb7 34. Qe2
Rxe7 35. Qxe7 Qe8 36. Qxe8+ Nxe8 37. Nc4 Nc7 38. Nb6 Nh6 39. Kg2 Nf5 40. Kf3 h5
41. h3 Kf7 42. g4 hxg4+ 43. hxg4 Ne7 44. Ke4 1/2-1/2

[Event "7th HD Bank Cup 2017"]
[Site "Ho Chi Minh City VIE"]
[Date "2017.03.13"]
[Round "3.50"]
[White "Tran, Ngoc Lan"]
[Black "Rowe, Duane"]
[Result "1-0"]
[BlackTitle "CM"]
[WhiteElo "2254"]
[BlackElo "2162"]
[WhiteFideId "12401811"]
[BlackFideId "7400268"]
[EventDate "2017.03.12"]

1. e4 c5 2. Nc3 a6 3. a4 e6 4. g3 Nc6 5. Bg2 g6 6. d3 Bg7 7. Be3 d6 8. f4 Nge7
9. Nf3 Nd4 10. O-O O-O 11. e5 Nef5 12. Bf2 d5 13. Nxd4 cxd4 14. Ne2 Qb6 15. Nxd4
Qxb2 16. Nxf5 gxf5 17. Qd2 Bh6 18. Bc5 Qxe5 19. Bxf8 Qd4+ 20. Qf2 Qxf2+ 21. Kxf2
Bxf8 22. c4 Bc5+ 23. Ke2 b6 24. cxd5 Bb7 25. Rfd1 Rd8 26. d4 Bb4 27. Rac1 Bxd5
28. Bxd5 Rxd5 29. Rc6 Ra5 30. Rxb6 Rxa4 31. d5 exd5 32. Rxd5 Ra2+ 33. Kf3 a5 34.
Rxf5 Rxh2 35. Rb8+ Kg7 36. Rb7 Kg6 37. Rfxf7 Bc3 38. Rfc7 Bf6 39. Rc6 Rh6 40.
Ra7 1-0

[Event "7th HD Bank Cup 2017"]
[Site "Ho Chi Minh City VIE"]
[Date "2017.03.13"]
[Round "3.51"]
[White "Vasilyev, Mikhail"]
[Black "Gatus, Edmundo"]
[Result "0-1"]
[WhiteTitle "IM"]
[WhiteElo "2165"]
[BlackElo "2247"]
[WhiteFideId "14101254"]
[BlackFideId "5202493"]
[EventDate "2017.03.12"]

1. e4 e5 2. Nf3 Nc6 3. Bb5 a6 4. Ba4 d6 5. Bxc6+ bxc6 6. d4 f6 7. Be3 Ne7 8. Nc3
Rb8 9. dxe5 fxe5 10. Qd2 Rxb2 11. Nxe5 Be6 12. Nd3 Rb8 13. O-O c5 14. f4 Nc6 15.
f5 Bc4 16. Nd5 Be7 17. N3f4 Qd7 18. Ne6 Bf6 19. Nxf6+ gxf6 20. Qc3 Ne5 21. Rab1
Kf7 22. Rxb8 Rxb8 23. Nf4 Qc6 24. Nd3 Qxe4 25. Nxe5+ fxe5 26. Re1 Rg8 27. Bg5
Qd4+ 28. Qxd4 cxd4 29. h4 Bxa2 30. Ra1 Bd5 31. Rxa6 h6 32. Ra5 Be4 33. Bxh6
Rxg2+ 34. Kf1 Rxc2 35. Bg5 d3 36. Ke1 Bxf5 37. Ra8 e4 38. Bh6 e3 39. Ra1 Bg4 0-1

[Event "7th HD Bank Cup 2017"]
[Site "Ho Chi Minh City VIE"]
[Date "2017.03.14"]
[Round "4.25"]
[White "Dao, Thien Hai"]
[Black "Tokhirjonova, Gulrukhbegim"]
[Result "1/2-1/2"]
[WhiteTitle "GM"]
[BlackTitle "WGM"]
[WhiteElo "2478"]
[BlackElo "2297"]
[WhiteFideId "12400084"]
[BlackFideId "14203626"]
[EventDate "2017.03.12"]

1. d4 d5 2. c4 c6 3. Nf3 Nf6 4. Nc3 dxc4 5. a4 Bf5 6. Ne5 Nbd7 7. Nxc4 Qc7 8. g3
e5 9. dxe5 Nxe5 10. Bf4 Nfd7 11. Bg2 f6 12. O-O Nc5 13. Ne3 Bg6 14. b4 Ne6 15.
Qb3 Bf7 16. Qb1 Nxf4 17. gxf4 Ng6 18. b5 Nxf4 19. bxc6 Nxg2 20. cxb7 Rb8 21.
Qe4+ Qe7 22. Kxg2 Qxe4+ 23. Nxe4 Bg6 24. Ng3 Rxb7 25. Rac1 Be7 26. Rc8+ Bd8 27.
Rd1 Rd7 28. Nd5 Kf7 29. e4 Re8 30. f3 Kf8 31. Rc5 1/2-1/2

[Event "7th HD Bank Cup 2017"]
[Site "Ho Chi Minh City VIE"]
[Date "2017.03.14"]
[Round "4.27"]
[White "Kathmale, Sameer"]
[Black "Laylo, Darwin"]
[Result "1/2-1/2"]
[WhiteTitle "IM"]
[BlackTitle "GM"]
[WhiteElo "2323"]
[BlackElo "2445"]
[WhiteFideId "5024498"]
[BlackFideId "5201330"]
[EventDate "2017.03.12"]

1. e4 c6 2. d4 d5 3. Nd2 dxe4 4. Nxe4 Nd7 5. Ng5 Ngf6 6. Bd3 e6 7. N1f3 Bd6 8.
Qe2 h6 9. Ne4 Nxe4 10. Qxe4 Qc7 11. O-O b6 12. Qg4 Kf8 13. b3 Bb7 14. Re1 Nf6
15. Qh3 Nd5 16. c4 Nf4 17. Bxf4 Bxf4 18. c5 bxc5 19. dxc5 Rd8 20. Rad1 Qe7 21.
b4 h5 22. Be4 Qf6 23. Rxd8+ Qxd8 24. g3 Bb8 25. Qh4 Qxh4 26. Nxh4 Ke7 27. Nf5+
Kf6 28. Nd4 Rd8 29. Nxc6 Bxc6 30. Bxc6 Rd2 31. a4 Be5 32. Bf3 Bd4 33. Re2 Rxe2
34. Bxe2 g6 35. Kg2 Ke7 36. h4 a5 1/2-1/2

[Event "7th HD Bank Cup 2017"]
[Site "Ho Chi Minh City VIE"]
[Date "2017.03.14"]
[Round "4.29"]
[White "Nguyen, Dang Hong Phuc"]
[Black "Nguyen, Huynh Minh Huy"]
[Result "1/2-1/2"]
[WhiteTitle "FM"]
[BlackTitle "GM"]
[WhiteElo "2280"]
[BlackElo "2428"]
[WhiteFideId "12402761"]
[BlackFideId "12401269"]
[EventDate "2017.03.12"]

1. d4 d5 2. c4 c6 3. cxd5 cxd5 4. Nc3 Nf6 5. Nf3 Nc6 6. Bf4 Bf5 7. e3 e6 8. Qb3
Bb4 9. Bb5 O-O 10. Bxc6 Bxc3+ 11. Qxc3 Rc8 12. Ne5 bxc6 13. Qa3 Ne4 14. Rc1 f6
15. Nxc6 Qe8 16. Qa6 e5 17. dxe5 fxe5 18. Bxe5 Rxc6 19. Qxc6 Qxe5 20. O-O Nf6
21. Qc3 Qb8 22. f3 h6 23. Qd4 Re8 24. Rc5 Re7 25. b3 Bg6 26. Rfc1 Kh7 27. Rc8
Qb7 28. R8c5 Qb8 29. Rc8 Qb7 30. R8c5 Qb8 1/2-1/2

[Event "7th HD Bank Cup 2017"]
[Site "Ho Chi Minh City VIE"]
[Date "2017.03.14"]
[Round "4.36"]
[White "Gatus, Edmundo"]
[Black "Xiang, Zeyu"]
[Result "1/2-1/2"]
[WhiteElo "2247"]
[BlackElo "2411"]
[WhiteFideId "5202493"]
[BlackFideId "8608547"]
[EventDate "2017.03.12"]

1. e4 c5 2. Nf3 e6 3. d4 cxd4 4. Nxd4 Nc6 5. Nc3 Qc7 6. g3 a6 7. Bg2 Nf6 8. O-O
Nxd4 9. Qxd4 Bc5 10. Qd3 Ng4 11. h3 Ne5 12. Qe2 b5 13. Kh2 Bb7 14. f4 Nc6 15.
Be3 Bxe3 16. Qxe3 d6 17. a4 b4 18. Ne2 O-O 19. c4 Nb8 20. Qd2 Nd7 21. Rad1 Nc5
22. Qxd6 Qxd6 23. Rxd6 Rfd8 24. Rfd1 Rxd6 25. Rxd6 Nxa4 26. Nd4 Kf8 27. b3 Nc5
28. e5 Ke8 29. Bxb7 Nxb7 30. Rb6 Nc5 31. Rc6 Ne4 32. Rc7 Rd8 33. Nc6 Rd2+ 34.
Kg1 Rb2 35. Re7+ Kf8 36. Rb7 g6 37. Rxb4 Nxg3 38. Rb8+ Kg7 39. Nd4 Rd2 40. c5
Rxd4 41. c6 Nf5 42. c7 Ne7 43. Rd8 a5 44. Rd7 Rd1+ 45. Kf2 Rc1 46. h4 h5 47. Ke3
Rc2 48. Kd3 Rc1 49. Kd2 Rc6 50. Rd8 Rc5 51. Kd3 Rc6 52. Kd4 Rc1 53. Kd3 Rc6 54.
Kd4 Rc1 55. Ke3 Rc2 56. Kd3 Rc1 57. Kd2 Rc6 58. Kd3 1/2-1/2

[Event "7th HD Bank Cup 2017"]
[Site "Ho Chi Minh City VIE"]
[Date "2017.03.14"]
[Round "4.40"]
[White "Zhao, Shengxin"]
[Black "Nguyen, Thi Mai Hung"]
[Result "1/2-1/2"]
[WhiteTitle "WFM"]
[BlackTitle "WGM"]
[WhiteElo "2094"]
[BlackElo "2347"]
[WhiteFideId "8608040"]
[BlackFideId "12401676"]
[EventDate "2017.03.12"]

1. d4 d5 2. Nf3 Nf6 3. c4 e6 4. g3 dxc4 5. Bg2 a6 6. Ne5 c5 7. e3 cxd4 8. exd4
Bb4+ 9. Nc3 Nd5 10. O-O O-O 11. Nxc4 Bxc3 12. bxc3 b5 13. Ne5 Bb7 14. Ba3 Re8
15. c4 bxc4 16. Qf3 f6 17. Nxc4 Bc6 18. Qb3 Qd7 19. Rfe1 a5 20. Rac1 Ra7 21. Nd6
Rf8 22. Nb5 a4 23. Qc2 Bxb5 24. Bxf8 Kxf8 25. Qc8+ Kf7 26. Bxd5 Qxd5 27. Rc5 Qd7
28. Qxb8 Ba6 29. d5 e5 30. Rec1 Kg6 31. Qb1+ Kh6 32. Qe4 g6 33. Rc6 Kg7 34. Qf3
Qf7 35. Qe3 Bb5 36. R6c5 Be8 37. d6 Rd7 38. Rc7 Qd5 39. Qc5 Qd2 40. a3 Kf8 41.
Rxd7 Bxd7 42. Qc3 Qxd6 43. Qc5 Ke7 44. Kf1 Ke6 45. Qxd6+ Kxd6 46. Ke2 g5 47. h4
gxh4 48. gxh4 h5 49. Ke3 Bg4 50. Rc4 Bd1 51. Ke4 Bb3 52. Rc3 Be6 53. f4 exf4 54.
Kxf4 Bg4 55. Rc4 Bd7 56. Rb4 Kc5 57. Rb7 Bg4 58. Rf7 Kc4 59. Rb7 Kc3 60. Rb6 Bd1
61. Rb4 Bb3 62. Kf5 Kb2 63. Kxf6 Kxa3 64. Rb5 Kb2 1/2-1/2

[Event "7th HD Bank Cup 2017"]
[Site "Ho Chi Minh City VIE"]
[Date "2017.03.14"]
[Round "4.47"]
[White "Ivana Maria, Furtado"]
[Black "Zou, Chen"]
[Result "1/2-1/2"]
[WhiteTitle "WIM"]
[BlackTitle "FM"]
[WhiteElo "2150"]
[BlackElo "2338"]
[WhiteFideId "5048400"]
[BlackFideId "8610959"]
[EventDate "2017.03.12"]

1. Nf3 Nf6 2. c4 g6 3. g3 Bg7 4. Bg2 O-O 5. O-O d6 6. d4 Nbd7 7. Nc3 e5 8. e4 c6
9. Re1 exd4 10. Nxd4 Ne5 11. b3 c5 12. Nc2 Qa5 13. Bb2 Rd8 14. Rb1 a6 15. a3 Rb8
16. f4 1/2-1/2

[Event "7th HD Bank Cup 2017"]
[Site "Ho Chi Minh City VIE"]
[Date "2017.03.14"]
[Round "4.48"]
[White "Le, Thanh Tu"]
[Black "Luong, Phuong Hanh"]
[Result "1/2-1/2"]
[WhiteTitle "WGM"]
[WhiteElo "2271"]
[BlackElo "2148"]
[WhiteFideId "12401005"]
[BlackFideId "12401013"]
[EventDate "2017.03.12"]

1. c4 c5 2. Nf3 Nf6 3. g3 g6 4. Bg2 Bg7 5. O-O O-O 6. Nc3 d5 7. Nxd5 Nxd5 8.
cxd5 Qxd5 9. d3 Nc6 10. a3 Bg4 11. Rb1 Rad8 12. Be3 Bxf3 13. Bxf3 Qd6 14. Qb3 b6
15. Qa4 Ne5 16. Bg2 Qd7 17. Qxd7 Rxd7 18. Bf4 Rfd8 19. Bxe5 Bxe5 20. Rfc1 h5 21.
h3 Bd4 22. Bf3 Kg7 23. Kg2 Bf6 24. Bc6 Rd6 25. Be4 e6 26. Rc2 a5 27. Bf3 e5 28.
b4 cxb4 29. axb4 axb4 30. Rxb4 Rb8 1/2-1/2

[Event "7th HD Bank Cup 2017"]
[Site "Ho Chi Minh City VIE"]
[Date "2017.03.14"]
[Round "4.51"]
[White "Rowe, Duane"]
[Black "Le, Minh Hoang"]
[Result "1/2-1/2"]
[WhiteTitle "CM"]
[BlackTitle "CM"]
[WhiteElo "2162"]
[BlackElo "2198"]
[WhiteFideId "7400268"]
[BlackFideId "12404683"]
[EventDate "2017.03.12"]

1. Nf3 Nf6 2. c4 c6 3. g3 d5 4. b3 Bg4 5. Bg2 Nbd7 6. O-O e5 7. d3 Bd6 8. Nc3 a6
9. h3 Be6 10. Ng5 O-O 11. Nxe6 fxe6 12. e4 Bc5 13. Rb1 Qa5 14. Na4 Bd4 15. b4
Qc7 16. Bd2 b5 17. Nc3 dxc4 18. dxc4 bxc4 19. Qe2 Nb6 20. a4 Bxc3 21. Bxc3 Nxa4
22. Ba1 Nb6 23. Qb2 Nbd7 24. Qc3 Qb6 25. Qxc4 Rfe8 26. Rfc1 Rac8 27. Bf1 a5 28.
bxa5 Qxa5 29. Rb7 h6 30. h4 Qd2 31. Rbb1 Ng4 32. Rc2 Qd6 33. Bh3 Ngf6 34. Rcc1
Rb8 35. Rxb8 Nxb8 36. Kg2 Kf7 37. Qc5 Qxc5 38. Rxc5 Nxe4 39. Rxe5 Nf6 40. Rc5
Rc8 41. Re5 Re8 42. Rc5 Ke7 43. Rc4 Rd8 44. Bc3 Rd5 45. Kf1 Rb5 46. Bb4+ Kf7 47.
Bd6 Rb6 48. Bxb8 Rxb8 49. Rxc6 Re8 50. Bg2 Rd8 51. Ke2 Ke7 52. Ra6 Rd6 53. Ra7+
Rd7 54. Ra6 Rd6 55. Ra7+ Nd7 56. Ke3 Kf6 57. Bf1 Ne5 58. Be2 Rb6 59. Ra3 Nc6 60.
Bf3 Nb4 61. Rc3 Na2 62. Ra3 Nb4 63. Rc3 Rb5 64. Be4 Ra5 65. Kd4 Nd5 66. Bxd5
Rxd5+ 67. Ke4 Re5+ 68. Kf4 Re1 69. Kf3 1/2-1/2

[Event "7th HD Bank Cup 2017"]
[Site "Ho Chi Minh City VIE"]
[Date "2017.03.14"]
[Round "5.17"]
[White "Antonio, Rogelio Jr"]
[Black "Tu, Hoang Thong"]
[Result "1/2-1/2"]
[WhiteTitle "GM"]
[BlackTitle "GM"]
[WhiteElo "2465"]
[BlackElo "2392"]
[WhiteFideId "5200032"]
[BlackFideId "12400076"]
[EventDate "2017.03.12"]

1. e4 Nc6 2. Nf3 d6 3. d4 Nf6 4. c3 g6 5. Bd3 Bg7 6. O-O O-O 7. h3 e5 8. Re1 Re8
9. d5 Ne7 10. c4 c5 11. Nc3 Rf8 12. Bf1 Ne8 1/2-1/2

[Event "7th HD Bank Cup 2017"]
[Site "Ho Chi Minh City VIE"]
[Date "2017.03.14"]
[Round "5.21"]
[White "Hoang, Thi Bao Tram"]
[Black "Dao, Thien Hai"]
[Result "1/2-1/2"]
[WhiteTitle "WGM"]
[BlackTitle "GM"]
[WhiteElo "2340"]
[BlackElo "2478"]
[WhiteFideId "12401102"]
[BlackFideId "12400084"]
[EventDate "2017.03.12"]

1. d4 d5 2. c4 c6 3. cxd5 cxd5 4. Nc3 Nf6 5. Nf3 Nc6 6. Bf4 Bf5 7. e3 e6 8. Bd3
Bg6 9. O-O Bd6 10. Bg3 O-O 11. Qe2 Bxg3 12. hxg3 Bxd3 13. Qxd3 Qd6 14. Rfc1 Rfc8
15. Ne2 Ne7 16. Qb3 Qa6 17. Nf4 Rxc1+ 18. Rxc1 Rc8 19. Rxc8+ Nxc8 20. Ne5 Qb6
21. Qxb6 Nxb6 22. Ne2 Kf8 23. Nc3 a6 24. Kf1 Ke7 25. Ke2 Nfd7 26. Nxd7 Kxd7 27.
Kd2 Kd6 28. Kd3 Kc6 29. Kc2 Kd6 30. Kd3 1/2-1/2

[Event "7th HD Bank Cup 2017"]
[Site "Ho Chi Minh City VIE"]
[Date "2017.03.14"]
[Round "5.25"]
[White "Puranik, Abhimanyu"]
[Black "Chen, Qi b"]
[Result "1/2-1/2"]
[WhiteTitle "IM"]
[WhiteElo "2477"]
[BlackElo "2328"]
[WhiteFideId "5061245"]
[BlackFideId "8614733"]
[EventDate "2017.03.12"]

1. e4 c5 2. Nc3 d6 3. d4 cxd4 4. Qxd4 Nf6 5. e5 Nc6 6. Bb5 dxe5 7. Qxd8+ Kxd8 8.
Nf3 Bd7 9. Bxc6 Bxc6 10. Nxe5 Ke8 11. Nxc6 bxc6 12. b3 e6 13. Bb2 h5 14. Ne2
Bb4+ 15. c3 Bc5 16. c4 Rd8 17. f3 a5 18. Rd1 Ke7 19. Nf4 Bd6 20. Nd3 Nd7 21. Bc3
Ra8 22. Ke2 Rhd8 23. f4 f6 24. h3 Nc5 25. Nxc5 Bxc5 26. Rxd8 Kxd8 27. g4 Bb4 28.
Kd3 Ke7 29. Rg1 hxg4 30. Rxg4 Rd8+ 31. Kc2 Kf7 32. a3 Bxa3 33. Bxa5 Rb8 1/2-1/2